[Event "DEM U14 2009"]
[Site "Willingen GER"]
[Date "2009.06.05"]
[Round "8"]
[White "Kügel, Tobias"]
[Black "Sarchisov, Slavik"]
[Result "0-1"]
[Termination "normal"]
[Board "12"]
[WhiteElo "1918"]
[BlackElo "2058"]
[PlyCount "120"]
[WhiteFideId "4636295"]
[BlackFideId "24647888"]
[EventCountry "GER"]
[EventRounds "9"]
[EventType "swiss"]
[EventDate "2009.05.30"]

1. e4 d6 2. Nf3 Nf6 3. Nc3 g6 4. Bc4 Bg7 5. O-O O-O 6. d4 c6 7. Re1 Nfd7 8. Be3
d5 9. Bd3 dxe4 10. Nxe4 Nf6 11. Nxf6+ Bxf6 12. Bg5 Bxg5 13. Nxg5 h6 14. Nf3 Bg4
15. c3 Nd7 16. h3 Bxf3 17. Qxf3 e6 18. Qg3 Qe7 19. Qc7 Rab8 20. Re2 Rfc8 21.
Qg3 Nf8 22. Re5 Kg7 23. Rae1 Rd8 24. a3 Rbc8 25. f4 Qd6 26. f5 exf5 27. Bxf5
Rc7 28. Qg4 h5 29. Qg3 c5 30. R5e3 Qxg3 31. Rxg3 cxd4 32. cxd4 Rxd4 33. Bd3 Nh7
34. Kf2 Nf6 35. Rge3 Nd5 36. Rf3 Nf4 37. Be4 Ne6 38. Rd3 Rxd3 39. Bxd3 Kf6 40.
Ke3 Ke5 41. g3 b6 42. Kf3+ Kf6 43. Ke3 Ke7 44. h4 f5 45. a4 Kf6 46. Re2 Rc5 47.
Rc2 Ke5 48. Re2 Kd6 49. Rd2 Ke7 50. Rc2 Re5+ 51. Kd2 Nc5 52. Rc4 Kd7 53. Rd4+
Kc7 54. Bc2 a5 55. b4 axb4 56. Rxb4 Kc6 57. Bd3 Ne4+ 58. Bxe4+ Rxe4 59. Rb1
Rxa4 60. Rc1+ Kb7 0-1

[Event "DEM U14 2009"]
[Site "Willingen GER"]
[Date "2009.06.05"]
[Round "8"]
[White "Göbel, Constantin"]
[Black "Stövesand, Peter"]
[Result "1-0"]
[Termination "normal"]
[Board "13"]
[WhiteElo "1885"]
[BlackElo "1687"]
[PlyCount "81"]
[WhiteFideId "24647071"]
[BlackFideId "1270624"]
[EventCountry "GER"]
[EventRounds "9"]
[EventType "swiss"]
[EventDate "2009.05.30"]

1. e4 e5 2. Nf3 Nc6 3. Bb5 a6 4. Ba4 Nf6 5. O-O b5 6. Bb3 Be7 7. d4 d6 8. c3
O-O 9. h3 Bd7 10. Re1 exd4 11. cxd4 Na5 12. Bc2 c5 13. Nbd2 cxd4 14. Nxd4 Qc7
15. N2f3 Nc4 16. Nh4 Rac8 17. b3 Ne5 18. f4 Nc6 19. Ndf5 Rfe8 20. Bb2 Nb4 21.
Bb1 Be6 22. Re2 Qd7 23. Ba3 d5 24. Nxe7+ Qxe7 25. Qe1 a5 26. e5 Nh5 27. Qf2 Qc5
28. Kh2 d4 29. g4 d3 30. Rd2 Qxf2+ 31. Rxf2 g5 32. fxg5 Ng7 33. Bxb4 axb4 34.
Bxd3 Ra8 35. Bxb5 Rec8 36. Re1 Rc5 37. Bd3 Raa5 38. Rfe2 Rc3 39. Be4 Rcc5 40.
Rd1 Kf8 41. Nf3 1-0

[Event "DEM U14 2009"]
[Site "Willingen GER"]
[Date "2009.06.05"]
[Round "8"]
[White "Stenzel, Jan"]
[Black "Gubela, Hans-Erich Constantin"]
[Result "1-0"]
[Termination "normal"]
[Board "14"]
[WhiteElo "1677"]
[BlackElo "1736"]
[PlyCount "45"]
[WhiteFideId "12900052"]
[BlackFideId "24692140"]
[EventCountry "GER"]
[EventRounds "9"]
[EventType "swiss"]
[EventDate "2009.05.30"]

1. e4 c5 2. Nf3 a6 3. c3 Qa5 4. Bd3 b5 5. O-O Bb7 6. Re1 d6 7. Bf1 e6 8. d4
cxd4 9. cxd4 Nd7 10. Nbd2 Ngf6 11. e5 Nd5 12. a3 Be7 13. Ne4 Qb6 14. Bg5 dxe5
15. dxe5 Nxe5 16. Nxe5 f6 17. Bxf6 Nxf6 18. Nxf6+ gxf6 19. Qh5+ Kd8 20. Nf7+
Kc7 21. Nxh8 Rxh8 22. Qf7 Kd6 23. Rxe6+ 1-0

[Event "DEM U14 2009"]
[Site "Willingen GER"]
[Date "2009.06.06"]
[Round "9"]
[White "Neumair, Jerome"]
[Black "Friedrich, Wiede"]
[Result "1-0"]
[Termination "normal"]
[Board "1"]
[WhiteElo "1988"]
[BlackElo "2028"]
[PlyCount "93"]
[WhiteFideId "24672637"]
[BlackFideId "24629537"]
[EventCountry "GER"]
[EventRounds "9"]
[EventType "swiss"]
[EventDate "2009.05.30"]

1. d4 Nf6 2. c4 e6 3. Nc3 Bb4 4. f3 d5 5. a3 Bxc3+ 6. bxc3 Nc6 7. e3 Na5 8.
cxd5 exd5 9. Bd3 O-O 10. Ne2 Bd7 11. O-O Qe8 12. a4 a6 13. Ng3 b5 14. e4 Kh8
15. Ba3 dxe4 16. Bxf8 exd3 17. Bb4 Nc4 18. Qxd3 Nb2 19. Qd2 Nxa4 20. Rfe1 Be6
21. Nf5 Nd5 22. Qg5 Qg8 23. Ne3 Nxe3 24. Qxe3 a5 25. Bc5 c6 26. Bd6 Nb6 27. Qg5
Nc4 28. Qc5 Qd8 29. Be5 Qd7 30. h4 Kg8 31. Bf4 a4 32. Bc1 f6 33. Ba3 Kf7 34.
Re2 Nxa3 35. Qxa3 Qd5 36. Rae1 Re8 37. Kf2 Qh5 38. g3 Bd5 39. Re7+ Kg6 40. R1e3
Rxe7 41. Qxe7 Qf5 42. g4 Qc8 43. h5+ Kh6 44. Kg3 Qg8 45. Qd6 Qh8 46. Re8 Qxe8
47. Qf4+ 1-0

[Event "DEM U14 2009"]
[Site "Willingen GER"]
[Date "2009.06.06"]
[Round "9"]
[White "Kaphle, Sebastian"]
[Black "Hampel, Felix"]
[Result "0-1"]
[Termination "normal"]
[Board "2"]
[WhiteElo "2120"]
[BlackElo "1976"]
[PlyCount "76"]
[WhiteFideId "24626708"]
[BlackFideId "24668125"]
[EventCountry "GER"]
[EventRounds "9"]
[EventType "swiss"]
[EventDate "2009.05.30"]

1. e4 c5 2. Nf3 e6 3. d4 cxd4 4. Nxd4 Nc6 5. Nc3 Qc7 6. Be3 a6 7. Bd3 Nf6 8.
O-O Ne5 9. Nf3 Nfg4 10. Nxe5 Nxe3 11. Qh5 g6 12. Qf3 Qxe5 13. fxe3 f6 14. Qxf6
Qxf6 15. Rxf6 Bg7 16. Rf3 b5 17. a4 b4 18. Ne2 Bxb2 19. Rb1 Ba3 20. Nd4 Bb7 21.
Nb3 Bc6 22. a5 Bb7 23. Nc5 Bc8 24. e5 Ke7 25. Rbf1 Bb2 26. Rf7+ Kd8 27. Rf8+
Rxf8 28. Rxf8+ Ke7 29. Rh8 Bxe5 30. Rxh7+ Kd6 31. Na4 g5 32. Nb6 Rb8 33. Rf7
Kc6 34. Rf8 Bb7 35. Rf7 Rd8 36. Nc4 Bc7 37. Rg7 d5 38. Nb2 Be5 0-1

[Event "DEM U14 2009"]
[Site "Willingen GER"]
[Date "2009.06.06"]
[Round "9"]
[White "Pauly, Carlo"]
[Black "Mons, Leon"]
[Result "0-1"]
[Termination "normal"]
[Board "3"]
[WhiteElo "2025"]
[BlackElo "2134"]
[PlyCount "120"]
[WhiteFideId "24673269"]
[BlackFideId "4614950"]
[EventCountry "GER"]
[EventRounds "9"]
[EventType "swiss"]
[EventDate "2009.05.30"]

1. d4 Nf6 2. c4 g6 3. Nc3 Bg7 4. e4 d6 5. Be2 O-O 6. Bg5 c5 7. d5 h6 8. Bf4 a6
9. Qc2 b5 10. Nf3 e5 11. dxe6 Bxe6 12. Rd1 b4 13. Nb1 Ne8 14. O-O Nc6 15. Be3
Qe7 16. Rfe1 Nf6 17. h3 Rfd8 18. Nbd2 Nd7 19. Bf1 Qf6 20. b3 g5 21. e5 Ndxe5
22. Nxe5 Nxe5 23. Ne4 Qg6 24. Bd3 f5 25. Ng3 Nxd3 26. Qxd3 Kf7 27. f4 Bc3 28.
Rf1 g4 29. h4 Qf6 30. Ne2 Qxh4 31. Bf2 Qf6 32. Nxc3 Qxc3 33. Qxc3 bxc3 34. Rc1
Bd7 35. Rxc3 Bc6 36. Rd3 Be4 37. Rd2 Ke6 38. Rfd1 Rac8 39. Rb2 a5 40. Be1 Ra8
41. a3 Rdb8 42. b4 axb4 43. axb4 Rb6 44. Bc3 cxb4 45. Rxb4 Rc6 46. Bb2 Rac8 47.
Rd4 h5 48. Ba3 Ra8 49. Bb2 g3 50. Rb3 h4 51. Ba3 Ra4 52. Rc3 Rca6 53. Bb2 Ra1+
54. Rc1 R1a2 55. Rd2 Rb6 56. Bc3 Rxd2 57. Bxd2 Rb2 58. Rd1 Kf6 59. Kf1 Kg6 60.
Bc3 Rf2+ 0-1

[Event "DEM U14 2009"]
[Site "Willingen GER"]
[Date "2009.06.06"]
[Round "9"]
[White "Klek, Hanna Marie"]
[Black "Powierski, Emil"]
[Result "1-0"]
[Termination "normal"]
[Board "4"]
[WhiteElo "1992"]
[BlackElo "1857"]
[PlyCount "66"]
[WhiteFideId "24670057"]
[BlackFideId "4656199"]
[EventCountry "GER"]
[EventRounds "9"]
[EventType "swiss"]
[EventDate "2009.05.30"]

1. e4 c5 2. Nf3 d6 3. d4 cxd4 4. Nxd4 Nf6 5. Nc3 a6 6. h3 e5 7. Nde2 Be6 8. g4
Be7 9. Bg2 O-O 10. Be3 Nbd7 11. Ng3 Nb6 12. Nd5 Nbxd5 13. exd5 Bxd5 14. Bxd5
Qa5+ 15. Qd2 Qxd2+ 16. Bxd2 Nxd5 17. O-O-O a5 18. Nf5 Rfd8 19. Bh6 gxh6 20.
Rxd5 Bf8 21. Rhd1 Ra6 22. Rxe5 dxe5 23. Rxd8 h5 24. Rb8 hxg4 25. hxg4 Rb6 26.
a4 Rb4 27. b3 f6 28. Kd2 Kf7 29. f3 h5 30. gxh5 Ke6 31. Rxf8 Kxf5 32. h6 Kg6
33. h7 Rh4 1-0

[Event "DEM U14 2009"]
[Site "Willingen GER"]
[Date "2009.06.06"]
[Round "9"]
[White "Miller, Eduard"]
[Black "Carow, Johannes"]
[Result "0-1"]
[Termination "normal"]
[Board "5"]
[WhiteElo "1783"]
[BlackElo "1805"]
[PlyCount "76"]
[WhiteFideId "24687022"]
[BlackFideId "24692050"]
[EventCountry "GER"]
[EventRounds "9"]
[EventType "swiss"]
[EventDate "2009.05.30"]

1. e4 c5 2. Nf3 Nc6 3. Bb5 d6 4. O-O Bd7 5. c3 a6 6. Ba4 Nf6 7. Re1 b5 8. Bc2
e5 9. h3 Be7 10. d4 O-O 11. Nbd2 cxd4 12. cxd4 Qc7 13. a3 Rac8 14. b3 Nxd4 15.
Nxd4 Qc3 16. Ra2 Qxd4 17. Qe2 Bd8 18. Rd1 Qa7 19. Nf3 Rc6 20. g4 Be6 21. Kg2
Nd7 22. Be3 Bb6 23. Bxb6 Qxb6 24. Ng5 Nc5 25. Rb2 b4 26. a4 Bd7 27. Bd3 h6 28.
Nf3 Ne6 29. Qd2 Nf4+ 30. Kh2 Be6 31. Bf1 Rfc8 32. Nh4 g5 33. Ng2 Nxg2 34. Kxg2
Kf8 35. Qe2 a5 36. Rdd2 Ke7 37. Rdc2 Rc3 38. Qa6 Qxa6 0-1

[Event "DEM U14 2009"]
[Site "Willingen GER"]
[Date "2009.06.06"]
[Round "9"]
[White "Mundorf, Johannes"]
[Black "Schreiner, Till"]
[Result "1-0"]
[Termination "normal"]
[Board "6"]
[WhiteElo "1688"]
[BlackElo "2082"]
[PlyCount "93"]
[WhiteFideId "24672491"]
[BlackFideId "24675555"]
[EventCountry "GER"]
[EventRounds "9"]
[EventType "swiss"]
[EventDate "2009.05.30"]

1. d4 Nf6 2. Nf3 g6 3. g3 Bg7 4. Bg2 O-O 5. O-O d6 6. b3 c5 7. c4 Nc6 8. Bb2
cxd4 9. Nxd4 Qc7 10. Nc2 a6 11. Nc3 Bd7 12. Ne3 Rac8 13. Ncd5 Nxd5 14. Nxd5 Qd8
15. Bxg7 Kxg7 16. Rc1 b5 17. c5 dxc5 18. Rxc5 Kg8 19. Qd2 Ne5 20. Qc3 Rxc5 21.
Qxc5 Nc6 22. Rd1 e5 23. Nb6 Nd4 24. Qxe5 Qxb6 25. Qxd4 Qxd4 26. Rxd4 Be6 27.
Rd6 Rc8 28. Be4 a5 29. Ra6 a4 30. bxa4 Rc4 31. Bd3 Rxa4 32. Rxa4 bxa4 33. a3
Kf8 34. f4 Ke7 35. Kf2 Kd6 36. Ke3 Kd5 37. Bb5 Kc5 38. Bxa4 Kc4 39. Be8 Kc3 40.
a4 Bd5 41. g4 f5 42. gxf5 gxf5 43. Bd7 Be4 44. a5 Kc4 45. a6 Kc5 46. a7 Kb6 47.
Bxf5 1-0

[Event "DEM U14 2009"]
[Site "Willingen GER"]
[Date "2009.06.06"]
[Round "9"]
[White "Möhn, Hans"]
[Black "Müller, Alexander"]
[Result "1/2-1/2"]
[Termination "normal"]
[Board "7"]
[WhiteElo "1953"]
[BlackElo "1961"]
[PlyCount "117"]
[WhiteFideId "24647837"]
[BlackFideId "4624696"]
[EventCountry "GER"]
[EventRounds "9"]
[EventType "swiss"]
[EventDate "2009.05.30"]

1. e4 c5 2. Nf3 e6 3. d4 cxd4 4. Nxd4 Nc6 5. Nc3 Qc7 6. Be2 Nf6 7. a3 a6 8. Be3
Be7 9. f4 d6 10. g4 Nxd4 11. Bxd4 e5 12. Bf2 exf4 13. g5 Nd7 14. Nd5 Qd8 15. h4
b5 16. Qd2 Nc5 17. Qxf4 Ne6 18. Qd2 Bb7 19. O-O-O Rc8 20. Kb1 Bxd5 21. Qxd5 Nf4
22. Qd2 Nxe2 23. Qxe2 O-O 24. Rd5 Rc6 25. Rhd1 Qc8 26. Bg3 Qe6 27. Qd3 f6 28.
gxf6 Rxf6 29. e5 dxe5 30. Rxe5 Qf7 31. Qe4 Rfe6 32. Re1 Rxe5 33. Qxe5 Bf8 34.
Re2 Rd6 35. b3 Rd1+ 36. Ka2 g6 37. Be1 Bd6 38. Qe8+ Qxe8 39. Rxe8+ Kf7 40. Re2
Be7 41. c3 h5 42. Kb2 g5 43. Kc2 Rd6 44. hxg5 Bxg5 45. Bg3 Rc6 46. Kd3 h4 47.
Bh2 Kg6 48. c4 bxc4+ 49. bxc4 Kf5 50. Kd4 Bd8 51. Kd5 Rg6 52. Rf2+ Kg4 53. Rg2+
Kf5 54. Rxg6 Kxg6 55. Kd6 Kf5 56. c5 Ke4 57. c6 Kd4 58. Kd7 Ba5 59. c7 1/2-1/2

[Event "DEM U14 2009"]
[Site "Willingen GER"]
[Date "2009.06.06"]
[Round "9"]
[White "Kyas, Philipp"]
[Black "Davydov, Ruven"]
[Result "0-1"]
[Termination "normal"]
[Board "8"]
[WhiteElo "1921"]
[BlackElo "1914"]
[PlyCount "78"]
[WhiteFideId "24670936"]
[BlackFideId "24666068"]
[EventCountry "GER"]
[EventRounds "9"]
[EventType "swiss"]
[EventDate "2009.05.30"]

1. d4 d5 2. c4 e6 3. Nc3 Nf6 4. cxd5 exd5 5. Bg5 Bb4 6. e3 Nbd7 7. Bd3 O-O 8.
Qc2 h6 9. Bh4 c5 10. a3 Bxc3+ 11. Qxc3 Qb6 12. Nf3 Ne4 13. Bxe4 dxe4 14. Nd2
cxd4 15. exd4 Nf6 16. Nc4 Qe6 17. Bxf6 Qxf6 18. d5 Qg5 19. Ne3 f5 20. Qe5 Bd7
21. d6 Rae8 22. Qg3 Qh5 23. Nd5 Bb5 24. Nf4 Qf7 25. a4 Ba6 26. b4 Bd3 27. Ng6
Qc4 28. Rd1 Qxb4+ 29. Rd2 Rf7 30. Ne7+ Rfxe7 31. dxe7 Rxe7 32. Qb8+ Kh7 33. Qf4
g6 34. h4 Qc3 35. Qd6 Rg7 36. g3 e3 37. Qxd3 exd2+ 38. Qxd2 Re7+ 39. Kd1 Qf3+
0-1

[Event "DEM U14 2009"]
[Site "Willingen GER"]
[Date "2009.06.06"]
[Round "9"]
[White "Sarchisov, Slavik"]
[Black "Moritz, Aron"]
[Result "1/2-1/2"]
[Termination "normal"]
[Board "9"]
[WhiteElo "2058"]
[BlackElo "1983"]
[PlyCount "93"]
[WhiteFideId "24647888"]
[BlackFideId "24672319"]
[EventCountry "GER"]
[EventRounds "9"]
[EventType "swiss"]
[EventDate "2009.05.30"]

1. e4 c5 2. Nf3 d6 3. d4 cxd4 4. Nxd4 Nf6 5. Nc3 Bd7 6. Be2 e5 7. Nb3 Bc6 8.
Bg5 Nbd7 9. Qd3 Be7 10. O-O a6 11. a4 O-O 12. Rfd1 h6 13. Be3 Rc8 14. a5 Qc7
15. Bf3 Nh7 16. Rd2 Kh8 17. Bg4 Rcd8 18. Qc4 Bg5 19. Bxg5 Nxg5 20. Rad1 Nf6 21.
Nd5 Qb8 22. Nxf6 gxf6 23. Bf5 Bd7 24. Bxd7 Rxd7 25. c3 Ne6 26. Qe2 Rg8 27. g3
Rg5 28. Kh1 Qc7 29. Rd5 Qc6 30. Qf3 Kg7 31. R1d3 Nc7 32. Nc5 Rd8 33. Nxb7 Qxb7
34. Rxd6 Rxd6 35. Rxd6 Ne6 36. h4 Rg6 37. Rb6 Qa8 38. Kh2 h5 39. Qe2 Nc5 40. b4
Qxe4 41. Qxe4 Nxe4 42. b5 Rh6 43. Rb8 f5 44. b6 Nc5 45. b7 Nxb7 46. Rxb7 Rc6
47. Rb6 1/2-1/2

[Event "DEM U14 2009"]
[Site "Willingen GER"]
[Date "2009.06.06"]
[Round "9"]
[White "Marquardt, Patrick"]
[Black "Göbel, Constantin"]
[Result "1/2-1/2"]
[Termination "normal"]
[Board "10"]
[WhiteElo "1986"]
[BlackElo "1885"]
[PlyCount "84"]
[WhiteFideId "4670086"]
[BlackFideId "24647071"]
[EventCountry "GER"]
[EventRounds "9"]
[EventType "swiss"]
[EventDate "2009.05.30"]

1. e4 e6 2. d4 d5 3. exd5 exd5 4. Nf3 Bd6 5. c4 Nf6 6. Nc3 c6 7. Bd3 Bg4 8. O-O
O-O 9. Bg5 dxc4 10. Bxc4 Nbd7 11. Re1 Qb6 12. Bb3 Bh5 13. Qd3 Qa5 14. Bxf6 Nxf6
15. Ne5 Qc7 16. f4 Rad8 17. Ne4 Bxe5 18. fxe5 Nxe4 19. Qxe4 Qb6 20. e6 fxe6 21.
Bxe6+ Kh8 22. Bb3 Rxd4 23. Qe3 Qd8 24. Qe5 Bg6 25. Rad1 Rxd1 26. Rxd1 Qb6+ 27.
Qd4 c5 28. Qd6 Qxd6 29. Rxd6 Bf5 30. Be6 Bxe6 31. Rxe6 Rb8 32. Kf2 Kg8 33. Re7
a6 34. Ke3 Kf8 35. Rd7 Re8+ 36. Kd3 Re7 37. Rd6 Rc7 38. Rb6 Ke7 39. Kc4 Kd7 40.
g3 Kc8 41. a4 Kd7 42. Kd5 g6 1/2-1/2

[Event "DEM U14 2009"]
[Site "Willingen GER"]
[Date "2009.06.06"]
[Round "9"]
[White "Pältz, Sebastian"]
[Black "Rührmund, Daniel"]
[Result "1-0"]
[Termination "normal"]
[Board "11"]
[WhiteElo "1830"]
[BlackElo "1879"]
[PlyCount "99"]
[WhiteFideId "24648027"]
[BlackFideId "24674583"]
[EventCountry "GER"]
[EventRounds "9"]
[EventType "swiss"]
[EventDate "2009.05.30"]

1. e4 c5 2. c3 d5 3. exd5 Qxd5 4. d4 Nc6 5. Nf3 Bg4 6. Be2 e6 7. O-O Nf6 8. h3
Bh5 9. Be3 cxd4 10. Nxd4 Bxe2 11. Qxe2 a6 12. Rd1 Rd8 13. c4 Nxd4 14. Rxd4 Qa5
15. Rxd8+ Qxd8 16. Nc3 Be7 17. Rd1 Qc7 18. Bd4 O-O 19. Be5 Qc6 20. b3 Ne8 21.
Qd3 f6 22. Bg3 Bb4 23. Ne2 e5 24. f4 e4 25. Qd5+ Qxd5 26. Rxd5 b6 27. Bf2 Nc7
28. Rd7 Na8 29. Ng3 Re8 30. Nxe4 Rxe4 31. Rd8+ Kf7 32. Rxa8 b5 33. c5 Re6 34.
Rc8 Re8 35. Rc6 Re6 36. Rb6 Rxb6 37. cxb6 Bd6 38. f5 Ke7 39. Kf1 Kd7 40. Ke2
Kc6 41. Kd3 Bb4 42. Ke4 Be7 43. g4 h6 44. h4 Bd8 45. b4 Be7 46. Bc5 Bxc5 47.
bxc5 a5 48. Kd4 Kb7 49. Kd5 b4 50. Kc4 1-0

[Event "DEM U14 2009"]
[Site "Willingen GER"]
[Date "2009.06.06"]
[Round "9"]
[White "Stövesand, Peter"]
[Black "Grewenig, Jan"]
[Result "1/2-1/2"]
[Termination "normal"]
[Board "12"]
[WhiteElo "1687"]
[BlackElo "1882"]
[PlyCount "46"]
[WhiteFideId "1270624"]
[BlackFideId "4657330"]
[EventCountry "GER"]
[EventRounds "9"]
[EventType "swiss"]
[EventDate "2009.05.30"]

1. e4 c5 2. Nf3 d6 3. d4 cxd4 4. Nxd4 Nf6 5. Nc3 a6 6. f3 e5 7. Nb3 Be6 8. Be3
Be7 9. Qd2 O-O 10. O-O-O Nbd7 11. g4 b5 12. h4 b4 13. Na4 Qc7 14. Qxb4 Rfc8 15.
Qd2 d5 16. g5 d4 17. gxf6 dxe3 18. Qc3 Qa7 19. Qe1 Nxf6 20. Rd3 Rab8 21. Qxe3
Qb7 22. Rc3 Rd8 23. Be2 Nd7 1/2-1/2

[Event "DEM U14 2009"]
[Site "Willingen GER"]
[Date "2009.06.06"]
[Round "9"]
[White "Gubela, Hans-Erich Constantin"]
[Black "Kügel, Tobias"]
[Result "1-0"]
[Termination "normal"]
[Board "14"]
[WhiteElo "1736"]
[BlackElo "1918"]
[PlyCount "64"]
[WhiteFideId "24692140"]
[BlackFideId "4636295"]
[EventCountry "GER"]
[EventRounds "9"]
[EventType "swiss"]
[EventDate "2009.05.30"]

1. e4 c5 2. Nf3 Nc6 3. d4 cxd4 4. Nxd4 g6 5. c4 Bg7 6. Be3 Nf6 7. f3 Qb6 8. Nf5
Qxb2 9. Nxg7+ Kf8 10. Ne6+ dxe6 11. Bh6+ Ke8 12. Nd2 Nb4 13. Rc1 Bd7 14. a3
Qxa3 15. Be2 Rd8 16. Nb1 Qa2 17. Qd2 Qxd2+ 18. Nxd2 Bc6 19. Be3 b6 20. Kf2 h6
21. c5 bxc5 22. Bxc5 Nd3+ 23. Bxd3 Rxd3 24. Be3 Bd7 25. Ke2 Ra3 26. Rc7 Kf8 27.
Rb1 Kg7 28. Bd4 Rd8 29. Bc5 Ra2 30. Be3 a6 31. Rbb7 Bb5+ 32. Kf2 Rd7 1-0

[Event "DEM U14w 2009"]
[Site "Willingen GER"]
[Date "2009.05.31"]
[Round "1"]
[White "Schäfer, Daniela"]
[Black "Schäfer, Ann-Kathrin"]
[Result "1-0"]
[Termination "normal"]
[Board "1"]
[WhiteElo "1905"]
[BlackElo "1647"]
[PlyCount "55"]
[WhiteFideId "4624769"]
[BlackFideId "24615412"]
[EventCountry "GER"]
[EventRounds "9"]
[EventType "swiss"]
[EventDate "2009.05.30"]

1. e4 e6 2. d4 d5 3. Nc3 dxe4 4. Nxe4 Qd5 5. Nc3 Bb4 6. Nf3 Nf6 7. Bd2 Bxc3 8.
bxc3 Nc6 9. Bd3 b6 10. O-O Bb7 11. Qe2 O-O 12. Bg5 Nd7 13. Bf4 e5 14. dxe5
Ncxe5 15. Bxe5 Rfe8 16. Bc4 Qc6 17. Bb5 Qd5 18. Rad1 Rxe5 19. Rxd5 Rxe2 20.
Rxd7 Rxc2 21. Rxc7 Bd5 22. a4 a6 23. Bc6 Bxc6 24. Rxc6 b5 25. axb5 axb5 26. Nd4
Rb2 27. Rb6 h6 28. Rxb5 1-0

[Event "DEM U14w 2009"]
[Site "Willingen GER"]
[Date "2009.05.31"]
[Round "1"]
[White "Polert, Annika"]
[Black "Düssler, Stefanie"]
[Result "1-0"]
[Termination "normal"]
[Board "2"]
[WhiteElo "1487"]
[BlackElo "1681"]
[PlyCount "83"]
[WhiteFideId "24692328"]
[BlackFideId "4634780"]
[EventCountry "GER"]
[EventRounds "9"]
[EventType "swiss"]
[EventDate "2009.05.30"]

1. c4 Nf6 2. Nc3 e6 3. g3 d5 4. e3 c5 5. cxd5 exd5 6. Nge2 Nc6 7. d4 cxd4 8.
Nxd4 Be7 9. Bg2 O-O 10. O-O Re8 11. Nde2 Bg4 12. Qd2 Bb4 13. h3 Bxe2 14. Qxe2
Ne4 15. Nxe4 dxe4 16. Rd1 Qf6 17. Qc4 Qe7 18. a3 Ba5 19. b4 Bb6 20. Bb2 Rac8
21. Qd5 a5 22. b5 Na7 23. Qf5 Rc5 24. Rd5 Nxb5 25. a4 Nc7 26. Qg4 g6 27. Rd2
Qe6 28. Qxe6 Rxe6 29. Rd8+ Ne8 30. Rb8 Rc7 31. Bf1 Bc5 32. Bb5 Rce7 33. Rc1 b6
34. Rd1 Kf8 35. Rdd8 f6 36. Bd7 Bd6 37. Ra8 Bc7 38. Bxe6 Bxd8 39. Ba3 Bc7 40.
Bd7 Kf7 41. Bxe7 Kxe7 42. Bxe8 1-0

[Event "DEM U14w 2009"]
[Site "Willingen GER"]
[Date "2009.05.31"]
[Round "1"]
[White "Tran, My Linh"]
[Black "Marx, Inga"]
[Result "1-0"]
[Termination "normal"]
[Board "3"]
[WhiteElo "1813"]
[BlackElo "1460"]
[PlyCount "67"]
[WhiteFideId "24682462"]
[BlackFideId "4654749"]
[EventCountry "GER"]
[EventRounds "9"]
[EventType "swiss"]
[EventDate "2009.05.30"]

1. e4 c6 2. d4 d5 3. exd5 cxd5 4. Bd3 Nf6 5. c3 Nc6 6. Bf4 g6 7. Nf3 Bg7 8. h3
O-O 9. Nbd2 a6 10. Ne5 Nd7 11. Nxd7 Bxd7 12. Nf3 f6 13. Qb3 Bc8 14. O-O b5 15.
Rfe1 Re8 16. Re2 e5 17. dxe5 Nxe5 18. Nxe5 fxe5 19. Rae1 Qd6 20. Qc2 Re6 21.
Bg3 Qe7 22. Qb3 Bb7 23. Kh1 Re8 24. f3 Kh8 25. a4 bxa4 26. Qxa4 Qf7 27. Qb3 Qd7
28. Rd1 Bc6 29. Qa3 Bb7 30. Bc2 Qb5 31. Rde1 Qc6 32. Ba4 Qc7 33. Bxe8 Rxe8 34.
Bxe5 1-0

[Event "DEM U14w 2009"]
[Site "Willingen GER"]
[Date "2009.05.31"]
[Round "1"]
[White "Schätz, Bianca"]
[Black "Schmalhorst, Sophia"]
[Result "1-0"]
[Termination "normal"]
[Board "4"]
[WhiteElo "1458"]
[BlackElo "1843"]
[PlyCount "127"]
[WhiteFideId "24655821"]
[BlackFideId "24682497"]
[EventCountry "GER"]
[EventRounds "9"]
[EventType "swiss"]
[EventDate "2009.05.30"]

1. e4 e5 2. Nf3 Nc6 3. Bc4 Nf6 4. d4 exd4 5. O-O Nxe4 6. Re1 d5 7. Bxd5 Qxd5 8.
Nc3 Qh5 9. Nxe4 Be6 10. Bg5 Bd6 11. Nxd6+ cxd6 12. Bf4 Qd5 13. c3 Rc8 14. Nxd4
Nxd4 15. Qxd4 Qxd4 16. cxd4 Kd7 17. Bd2 Rc4 18. Bc3 Bd5 19. Re3 Re8 20. Rxe8
Kxe8 21. Re1+ Kd7 22. a3 b5 23. Rd1 Kc7 24. Ba5+ Kb7 25. Bb4 Kc6 26. Bc3 Kb6
27. Rc1 a5 28. Bd2 Rxc1+ 29. Bxc1 b4 30. axb4 axb4 31. Bf4 Kc6 32. Bd2 b3 33.
Bb4 Bc4 34. Bc3 Kd5 35. f3 f5 36. Kf2 g5 37. g3 h5 38. Ke3 Ke6 39. f4 Kf6 40.
d5+ Kg6 41. Kd4 Be2 42. Bb4 h4 43. Bxd6 gxf4 44. Bxf4 hxg3 45. Bxg3 Kg5 46. d6
Bb5 47. Ke5 Bd7 48. Bf4+ Kg6 49. h4 Kh5 50. Bg5 Kg6 51. Kd5 Kh5 52. Kc5 Kg4 53.
Kb6 f4 54. Kc7 f3 55. Be3 Bf5 56. Bf2 Kf4 57. d7 Bxd7 58. Kxd7 Ke4 59. h5 Kd3
60. h6 Kc2 61. h7 Kxb2 62. h8=Q+ Ka2 63. Bd4 f2 64. Qh2 1-0

[Event "DEM U14w 2009"]
[Site "Willingen GER"]
[Date "2009.05.31"]
[Round "1"]
[White "Kühnel, Lena"]
[Black "Spangenberg, Romy"]
[Result "1-0"]
[Termination "normal"]
[Board "5"]
[WhiteElo "1728"]
[BlackElo "1453"]
[PlyCount "82"]
[WhiteFideId "24640956"]
[BlackFideId "4627997"]
[EventCountry "GER"]
[EventRounds "9"]
[EventType "swiss"]
[EventDate "2009.05.30"]

1. e4 c5 2. Nf3 e6 3. d4 cxd4 4. Nxd4 Nf6 5. Nc3 Nc6 6. Ndb5 d6 7. Bf4 e5 8.
Bg5 a6 9. Na3 b5 10. Nd5 Be7 11. Bxf6 Bxf6 12. c3 Be6 13. Nc2 Bxd5 14. exd5 Ne7
15. a4 Rb8 16. Nb4 Qb6 17. axb5 axb5 18. Ra6 Qc5 19. Nc6 Rc8 20. Na7 Ra8 21.
Bxb5+ Kf8 22. Qa4 Qxd5 23. O-O Qb7 24. Rxd6 Nc8 25. Rd7 Qxa7 26. Rxa7 Rxa7 27.
Qb4+ Ne7 28. Rd1 g6 29. Qc5 Ra8 30. Rd7 Kg7 31. Rxe7 Bxe7 32. Qxe7 Rhb8 33.
Qxe5+ Kg8 34. h3 Rf8 35. c4 Ra5 36. b4 Ra3 37. c5 Rb3 38. Qf4 Rd8 39. Kh2 Rb2
40. Bc4 Rf8 41. c6 Rd2 1-0

[Event "DEM U14w 2009"]
[Site "Willingen GER"]
[Date "2009.05.31"]
[Round "1"]
[White "Rahimi, Rozafa"]
[Black "Pohl, Theresa"]
[Result "0-1"]
[Termination "normal"]
[Board "6"]
[WhiteElo "1408"]
[BlackElo "1700"]
[PlyCount "84"]
[WhiteFideId "24692280"]
[EventCountry "GER"]
[EventRounds "9"]
[EventType "swiss"]
[EventDate "2009.05.30"]

1. d4 Nf6 2. Bf4 g6 3. Nf3 Bg7 4. e3 O-O 5. Bd3 d6 6. c3 c5 7. Nbd2 Nc6 8. O-O
cxd4 9. exd4 e5 10. Be3 Re8 11. dxe5 dxe5 12. Ne4 Qc7 13. Qc1 Ng4 14. h3 Nxe3
15. Qxe3 Kh8 16. Bc4 Nd4 17. cxd4 exd4 18. Qd3 Bf5 19. Rfe1 Bxe4 20. Rxe4 Rxe4
21. Qxe4 Qxc4 22. Qxb7 Re8 23. Qd7 Rf8 24. b3 Qc2 25. Nxd4 Qd2 26. Qd6 Qxd4 27.
Rd1 Qxd6 28. Rxd6 Be5 29. Ra6 Rc8 30. Kf1 Bd4 31. f4 Rc2 32. g3 Rf2+ 33. Ke1
Rf3 34. Ke2 Rxg3 35. Rd6 Bb6 36. h4 Re3+ 37. Kd2 Rf3 38. Rd5 Rxf4 39. h5 Kg7
40. hxg6 hxg6 41. a4 Rd4+ 42. Rxd4 Bxd4 0-1